000
00256pam a2200121 a 4500
020
_c
041
_a
eng
100
_a
Joad CEM.
245
_a
The Book Of Joad
_h
Textual Documents
260
_a
[s.l]:
_b
Faber & Faber Ltd
300
_a
320p.
930
_a
15285
999
_c
92185
_d
92185